000 00586nam a22002057a 4500
003 koha_MIRAKIL
005 20231213095650.0
008 231213b |||||||| |||| 00| 0 ||| d
020 _b978-9-94488351-1
040 _aTR-IsEVY
_btur
_cTR-IsEVY
082 _a823 WIL/M
100 _aWilde, Oscar.
245 0 _aMutlu prens
250 _a12. bs.
260 _bTürkiye İş Bankası Kültür Yayınları,
_c2013
300 _a68 s.
650 _aIreland literature -- Fiction -- World classics.
650 _aİrlanda edebiyatı -- Roman -- Dünya klasikleri.
942 _2ddc
_cBK
999 _c7407
_d7407